| 000 | 00952nam a2200157 a 4500 | ||
|---|---|---|---|
| 001 | 000028390 | ||
| 005 | 20200930054923.0 | ||
| 008 | 110408s1972 dr r 000 0 spa d | ||
| 040 |
_aDO-SdBNP _bspa _cBNPHU |
||
| 082 |
_axxxx _bR426m |
||
| 110 | 1 |
_aRepública Dominicana. _bAcademia Dominicana de Lengua _955350 |
|
| 245 | 1 | 0 | _aMensaje. |
| 260 |
_aSanto Domingo : _bArte y Cine, _c1972. |
||
| 300 |
_a42 p. ; _c23 cm. |
||
| 500 | _aLa Academia Dominicana de Lengua recoge en estas páginas los discursos pronunciados en el salón de actos de la Biblioteca Nacional por los señores D. Fabio A. Mota Medrano y D. Mariano Lebrón Saviñón, presidente y tesorero respectivamente del Instituto Dominicano Andrés Bello, con motivo de la próxima celebración del VI Congreso de Academias de la Lengua, cuya clausura solemne tendrá efecto el día 29 de noviembre, fecha en que se celebra Hispanoamérica el CXCI natalicio del insigne lingüística venezolano. | ||
| 999 |
_c27882 _d27882 |
||